000 005730000a22001810004500
003 MACL
005 20160228153312.0
008 160228b xxu||||| |||| 00| 0 eng d
040 _aMACL
_cMACL
041 _aHindi
082 _a800
100 _aनर्मदा प्रसाद खरे
_941333
245 _aसाहित्‍य जगत के विनोबा बख्‍शी जी
260 _bलोक चेतना प्रकाशन
_c1989
_aजबलपुर
350 _a20
650 _aLiteracture
_941334
942 _cHIN
_k800
_2ddc
999 _c29716
_d29716